01171pam a2200289 a 4500001000700000003001200007005001700019008004100036010001700077020001600094040002200110050002400132082001600156100002400172245011500196260004800311300003400359490006000393504006600453650002300519650004800542700001700590700002000607830007500627856008900702856009000791617066NUST - PNEC20170116180846.0921103s1993 nyua b 001 0 eng  a 92040048  a0195056132  aDLCcLIBRARYdDLC00aQC611.92b.K75 199300a537.623 KRE1 aKresin, Vladimir Z.10aMechanisms of conventional and high Tc superconductivity /cVladimir Z. Kresin, Hans Morawitz, Stuart A. Wolf. aNew York :bOxford University Press,c1993. axiv, 181 p. :bill. ;c25 cm.1 aThe International series of monographs on physics ;v84 aIncludes bibliographical references (p. [166]-178) and index. 0aSuperconductivity. 0aHigh temperature superconductivity.xME, EE1 aMorawitz, H.1 aWolf, Stuart A. 0aInternational series of monographs on physics (Oxford, England) ;v84.423Publisher descriptionuhttp://www.loc.gov/catdir/enhancements/fy0604/92040048-d.html413Table of contents onlyuhttp://www.loc.gov/catdir/enhancements/fy0604/92040048-t.html